[Event "Hainaut-ch"]
[Site "Manage"]
[Date "2008.08.23"]
[Round "1.7"]
[White "Barbier, Sigiswald"]
[Black "Goos, Henk"]
[Result "1-0"]
[WhiteElo "2029"]
[BlackElo "1604"]
[PlyCount "81"]
[EventDate "2008.08.23"]
[EventType "swiss"]
[EventRounds "9"]
[EventCountry "BEL"]
[SourceTitle "EXT 2024"]
[Source "ChessBase"]
[SourceDate "2023.10.10"]
[SourceVersion "1"]
[SourceVersionDate "2023.10.10"]
[SourceQuality "1"]

1. c4 Nf6 2. g3 g6 3. Bg2 Bg7 4. Nc3 0-0 5. d3 c6 6. e4 d6 7. Nge2 Re8 8. 0-0 Na6 9. h3 Nc7 10. Be3 e6 11. d4 Qe7 12. Qd2 Qf8 13. Rae1 e5 14. f4 h6 15. g4 Nh7 16. d5 c5 17. a3 b6 18. Rf2 exf4 19. Nxf4 Qe7 20. Ref1 g5 21. Nfe2 Rf8 22. Ng3 Be5 23. Rf3 Ne8 24. Re1 Bd7 25. Bf2 Ng7 26. b4 f6 27. Bf1 Bxg3 28. Bxg3 h5 29. Nb5 hxg4 30. Bxd6 Qf7 31. hxg4 Bxg4 32. Rg3 Bd7 33. Bxf8 Qxf8 34. Bh3 g4 35. Bxg4 Bxb5 36. cxb5 cxb4 37. axb4 Qd6 38. Kg2 Ng5 39. e5 fxe5 40. Qxg5 Qxd5+ 41. Bf3 1-0

[Event "Hainaut-ch"]
[Site "Manage"]
[Date "2008.08.23"]
[Round "8.27"]
[White "Roule, Alexandre"]
[Black "Goos, Henk"]
[Result "0-1"]
[WhiteElo "1640"]
[BlackElo "1604"]
[PlyCount "20"]
[EventDate "2008.08.23"]
[EventType "swiss"]
[EventRounds "9"]
[EventCountry "BEL"]
[SourceTitle "EXT 2024"]
[Source "ChessBase"]
[SourceDate "2023.10.10"]
[SourceVersion "1"]
[SourceVersionDate "2023.10.10"]
[SourceQuality "1"]

1. e4 c5 2. Nf3 Nc6 3. d4 cxd4 4. Nxd4 Nf6 5. Nc3 e5 6. Ndb5 d6 7. Bg5 Be7 8. Nd5 Nxd5 9. exd5 a6 10. dxc6 axb5 0-1